000
00287nam a2200121 a 4500
001
4140
005
20140414131848.0
008
090218s19uu xx 00 eng d
050
_a
M 590.21
_b
C25 1997
100
_a
Carwardine, Mark
245
_a
Sleepy and busy animals.
999
_c
110053
_d
110053